Physical Pharmaceutics-1 (Record no. 10580)
[ view plain ]
| 000 -LEADER | |
|---|---|
| fixed length control field | 00450nam a22001817a 4500 |
| 003 - CONTROL NUMBER IDENTIFIER | |
| control field | OSt |
| 008 - FIXED-LENGTH DATA ELEMENTS--GENERAL INFORMATION | |
| fixed length control field | 210326b ||||| |||| 00| 0 eng d |
| 020 ## - INTERNATIONAL STANDARD BOOK NUMBER | |
| International Standard Book Number | 9789383635825 |
| 082 ## - DEWEY DECIMAL CLASSIFICATION NUMBER | |
| Classification number | 615,19VIP |
| 100 ## - MAIN ENTRY--PERSONAL NAME | |
| Personal name | VIDYADHARA,Suryadevara |
| 245 ## - TITLE STATEMENT | |
| Title | Physical Pharmaceutics-1 |
| 250 ## - EDITION STATEMENT | |
| Edition statement | 3rd Reprint |
| 260 ## - PUBLICATION, DISTRIBUTION, ETC. (IMPRINT) | |
| Place of publication, distribution, etc | Hyderabad |
| Name of publisher, distributor, etc | Pharma Med Press |
| Date of publication, distribution, etc | 2020 |
| 300 ## - PHYSICAL DESCRIPTION | |
| Extent | 264 |
| 650 ## - SUBJECT ADDED ENTRY--TOPICAL TERM | |
| Topical term or geographic name as entry element | Pharmaceutics |
| 700 ## - ADDED ENTRY--PERSONAL NAME | |
| Personal name | JANGA,Ramesh Babu |
| 942 ## - ADDED ENTRY ELEMENTS (KOHA) | |
| Source of classification or shelving scheme | Dewey Decimal Classification |
| Koha item type | Text Books |
| 942 ## - ADDED ENTRY ELEMENTS (KOHA) | |
| -- | 3 |
| Withdrawn status | Lost status | Source of classification or shelving scheme | Damaged status | Not for loan | Collection code | Home library | Current library | Date acquired | Source of acquisition | Currency | Cost, normal purchase price | Bill Number | Total Checkouts | Full call number | Acc. no. / Barcode | Date last seen | Actual Cost, discounted price | Bill Date | Koha item type | Date last borrowed |
|---|---|---|---|---|---|---|---|---|---|---|---|---|---|---|---|---|---|---|---|---|
| Dewey Decimal Classification | B.Pharma | PIET C-LIBRARY | PIET C-LIBRARY | 17/03/2021 | Kirti Prakashan | In Rupees | 325.00 | IN1864 | 615,19 VIP | BP1642 | 26/03/2021 | 253.50 | 17/03/2021 | Reference Books | ||||||
| Dewey Decimal Classification | B.Pharma | PIET C-LIBRARY | PIET C-LIBRARY | 17/03/2021 | Kirti Prakashan | In Rupees | 325.00 | IN1864 | 2 | 615,19 VIP | BP1643 | 31/01/2023 | 253.50 | 17/03/2021 | Text Books | 30/01/2023 | ||||
| Dewey Decimal Classification | B.Pharma | PIET C-LIBRARY | PIET C-LIBRARY | 17/03/2021 | Kirti Prakashan | In Rupees | 325.00 | IN1864 | 615,19 VIP | BP1644 | 26/03/2021 | 253.50 | 17/03/2021 | Text Books | ||||||
| Dewey Decimal Classification | B.Pharma | PIET C-LIBRARY | PIET C-LIBRARY | 17/03/2021 | Kirti Prakashan | In Rupees | 325.00 | IN1864 | 1 | 615,19 VIP | BP1645 | 27/02/2023 | 253.50 | 17/03/2021 | Text Books | 14/02/2023 | ||||
| Dewey Decimal Classification | B.Pharma | PIET C-LIBRARY | PIET C-LIBRARY | 17/03/2021 | Kirti Prakashan | In Rupees | 325.00 | IN1864 | 615,19 VIP | BP1646 | 26/03/2021 | 253.50 | 17/03/2021 | Text Books |